[Event "Reykjavik op"]
[Site "Reykjavik"]
[Date "2024.03.18"]
[Round "6"]
[White "Katz, Alexander R"]
[Black "Pultinevicius, Paulius"]
[Result "0-1"]
[WhiteElo "2418"]
[BlackElo "2575"]
[PlyCount "74"]
[EventDate "2024.03.15"]
[EventType "swiss"]
[EventRounds "9"]
[EventCountry "ISL"]
[SourceTitle "CB13_2024"]
[SourceDate "2024.03.27"]
[SourceVersion "1"]
[SourceVersionDate "2024.03.27"]
[SourceQuality "1"]

1. e4 c6 2. d4 d5 3. e5 Bf5 4. Nf3 e6 5. Be2 Nd7 6. 0-0 a5 7. Nbd2 a4 8. c3 f6 9. Re1 fxe5 10. dxe5 Bc5 11. Nd4 Ne7 12. g4 Bxd4 13. cxd4 Bg6 14. h4 h5 15. gxh5 Nf5 16. hxg6 Qxh4 17. Bf3 Rh6 18. Nf1 Rxg6+ 19. Ng3 0-0-0 20. Kf1 Nxg3+ 21. fxg3 Rxg3 22. Ke2 Qh2+ 23. Kd3 Rf8 24. Re3 c5 25. Be2 Rf4 26. Kc2 Rxd4 27. Qe1 Rxe3 28. Bxe3 Re4 29. Qd2 Qxe5 30. Rh1 Rxe3 31. Rh8+ Kc7 32. Qa5+ b6 33. Qa7+ Kd6 34. Bb5 Qf5+ 35. Kc1 Re1+ 36. Kd2 Qf2+ 37. Kd3 Re3# 0-1

[Event "Reykjavik op"]
[Site "Reykjavik"]
[Date "2024.03.17"]
[Round "4"]
[White "Gikas, Andreas Basilius"]
[Black "Katz, Alexander R"]
[Result "0-1"]
[WhiteElo "2104"]
[BlackElo "2418"]
[PlyCount "60"]
[EventDate "2024.03.15"]
[EventType "swiss"]
[EventRounds "9"]
[EventCountry "ISL"]
[SourceTitle "CB13_2024"]
[SourceDate "2024.03.27"]
[SourceVersion "1"]
[SourceVersionDate "2024.03.27"]
[SourceQuality "1"]

1. e4 c5 2. Nf3 d6 3. d4 cxd4 4. Nxd4 Nf6 5. Nc3 g6 6. Be3 Bg7 7. f3 0-0 8. Bc4 Nc6 9. Bb3 Bd7 10. h4 h5 11. Qd2 Rc8 12. Nxc6 Bxc6 13. 0-0-0 a5 14. Bh6 Kh7 15. Bxg7 Kxg7 16. Qd4 b5 17. g4 a4 18. g5 axb3 19. gxf6+ exf6 20. axb3 Qa5 21. b4 Qa8 22. Kb1 Rc7 23. Nd5 Bxd5 24. Qxd5 Qa4 25. c3 Ra8 26. Rhg1 Rc4 27. f4 Qa2+ 28. Kc2 Ra3 29. Rg3 Qb3+ 30. Kb1 Ra2 0-1

[Event "North American op 33rd"]
[Site "Las Vegas"]
[Date "2023.12.30"]
[Round "9"]
[White "Zhou, Jianchao"]
[Black "Katz, Alexander R"]
[Result "1-0"]
[WhiteElo "2562"]
[BlackElo "2418"]
[PlyCount "109"]
[EventDate "2023.12.26"]
[EventType "swiss"]
[EventRounds "9"]
[EventCountry "USA"]
[SourceTitle "CB01_2024"]
[SourceDate "2024.01.03"]
[SourceVersion "1"]
[SourceVersionDate "2024.01.03"]
[SourceQuality "1"]

1. Nf3 d5 2. d4 Nf6 3. Bf4 Bf5 4. e3 e6 5. c4 Bxb1 6. Rxb1 Bb4+ 7. Ke2 Bd6 8. g3 0-0 9. Bg2 Nbd7 10. Qb3 dxc4 11. Qxb7 Rb8 12. Qa6 Nb6 13. Rhc1 Nfd5 14. a3 Qd7 15. Nd2 Be7 16. Nxc4 g5 17. Ne5 Qe8 18. e4 gxf4 19. exd5 exd5 20. Kf1 fxg3 21. hxg3 Bd6 22. Nc6 Ra8 23. Qd3 Qe6 24. Re1 Qg6 25. Rbd1 Qxd3+ 26. Rxd3 a5 27. Rb3 Ra6 28. Rb5 a4 29. Rc1 f5 30. f4 Re8 31. Ne5 Kg7 32. Rc6 Rea8 33. Bxd5 Ra5 34. Rxa5 Rxa5 35. Bc4 h5 36. Bd3 Rd5 37. Nf3 Kf6 38. Ke2 Ra5 39. Rc1 Nd5 40. Rh1 Ra8 41. Rxh5 Ne7 42. Kd2 Rg8 43. Rh6+ Kg7 44. Rh3 Rb8 45. Kc2 c5 46. Rh5 Nd5 47. Rg5+ Kh8 48. Ne5 Ne3+ 49. Kd2 Bxe5 50. dxe5 Nd5 51. Kc1 c4 52. Bxf5 c3 53. bxc3 Nxc3 54. e6 Na2+ 55. Kd2 1-0

[Event "North American op 33rd"]
[Site "Las Vegas"]
[Date "2023.12.29"]
[Round "8"]
[White "Katz, Alexander R"]
[Black "Zhu, Matthew"]
[Result "1-0"]
[WhiteElo "2418"]
[BlackElo "2032"]
[PlyCount "81"]
[EventDate "2023.12.26"]
[EventType "swiss"]
[EventRounds "9"]
[EventCountry "USA"]
[SourceTitle "CB01_2024"]
[SourceDate "2024.01.03"]
[SourceVersion "1"]
[SourceVersionDate "2024.01.03"]
[SourceQuality "1"]

1. d4 Nf6 2. Bf4 g6 3. Nc3 d5 4. e3 Bg7 5. Be2 c5 6. dxc5 Qa5 7. Nf3 Ne4 8. 0-0 Nxc3 9. bxc3 Qxc5 10. Rb1 Nc6 11. Rb5 Qxc3 12. Qxd5 Be6 13. Qe4 Bf5 14. Rxf5 gxf5 15. Qxf5 Qf6 16. Qh5 e5 17. Bg3 Qg6 18. Qh3 Qxc2 19. Bd1 Qxa2 20. Ng5 h6 21. Nxf7 Kxf7 22. Qd7+ Kg6 23. Qd3+ e4 24. Qxe4+ Kf7 25. Qd3 Qb2 26. Qd5+ Kf8 27. Bh5 Qf6 28. Bh4 Rd8 29. Qc5+ Ne7 30. Bxf6 Bxf6 31. Qc7 Kg7 32. Qg3+ Kh7 33. Bd1 Rd2 34. Qf4 Kg7 35. Qg4+ Kf8 36. Bb3 Rh7 37. Qf4 Kg7 38. Qg3+ Kf8 39. Qb8+ Kg7 40. Qe8 Rd6 41. Qf7+ 1-0

[Event "North American op 33rd"]
[Site "Las Vegas"]
[Date "2023.12.27"]
[Round "4"]
[White "Katz, Alexander R"]
[Black "Bellahcene, Bilel"]
[Result "1/2-1/2"]
[WhiteElo "2418"]
[BlackElo "2509"]
[PlyCount "57"]
[EventDate "2023.12.26"]
[EventType "swiss"]
[EventRounds "9"]
[EventCountry "USA"]
[SourceTitle "CB01_2024"]
[SourceDate "2024.01.03"]
[SourceVersion "1"]
[SourceVersionDate "2024.01.03"]
[SourceQuality "1"]

1. e4 c5 2. Nf3 Nc6 3. d4 cxd4 4. Nxd4 e5 5. Nb5 d6 6. N1c3 a6 7. Na3 Be6 8. Nc4 Rb8 9. Be2 Nd4 10. 0-0 Nf6 11. Bg5 Be7 12. Bxf6 Bxf6 13. Ne3 Bg5 14. Ncd5 0-0 15. c3 Bxe3 16. Nxe3 Nxe2+ 17. Qxe2 Qc7 18. Rfd1 Qc6 19. Nd5 Rfe8 20. Rd3 a5 21. Rad1 b5 22. Qe3 Kf8 23. a3 Rb7 24. Qf3 Bxd5 25. Rxd5 Re6 26. Qf5 g6 27. Qg5 Kg7 28. Qd8 Rb6 29. Qg5 1/2-1/2

[Event "Edward Lasker Memorial 107th"]
[Site "New York"]
[Date "2023.12.08"]
[Round "2"]
[White "Katz, Alexander R"]
[Black "Dong, Kyle Qiyu"]
[Result "1/2-1/2"]
[WhiteElo "2418"]
[BlackElo "1911"]
[PlyCount "79"]
[EventDate "2023.12.07"]
[EventType "swiss"]
[EventRounds "6"]
[EventCountry "USA"]
[SourceTitle "CB50_2023"]
[SourceDate "2023.12.13"]
[SourceVersion "1"]
[SourceVersionDate "2023.12.13"]
[SourceQuality "1"]

1. e4 c5 2. Nf3 Nc6 3. d4 cxd4 4. Nxd4 g6 5. c4 Bg7 6. Be3 Qb6 7. Nb3 Qd8 8. Nc3 Bxc3+ 9. bxc3 Nf6 10. f3 d6 11. g4 Be6 12. c5 d5 13. e5 d4 14. cxd4 Nd5 15. Bf2 a5 16. Qd2 a4 17. Nc1 Ndb4 18. Bd3 0-0 19. Be4 Bd5 20. Ne2 a3 21. h4 Qd7 22. Qe3 Rfd8 23. Bb1 Bc4 24. h5 Bxe2 25. hxg6 fxg6 26. Qxe2 Nxd4 27. Qc4+ e6 28. Qxb4 Nxf3+ 29. Ke2 Ra4 30. Qc3 Rf4 31. Bc2 Nxe5 32. c6 Qd5 33. c7 Rxf2+ 34. Kxf2 Rf8+ 35. Bf5 Nxg4+ 36. Kg3 Qxf5 37. c8Q Qf4+ 38. Kg2 Ne3+ 39. Qxe3 Qxe3 40. Qc2 1/2-1/2

[Event "New York 1000 GM Fall GM-A"]
[Site "New York"]
[Date "2023.11.10"]
[Round "4"]
[White "Katz, Alexander R"]
[Black "Hardaway, Brewington"]
[Result "1/2-1/2"]
[WhiteElo "2426"]
[BlackElo "2323"]
[PlyCount "340"]
[EventDate "2023.11.08"]
[EventType "schev"]
[EventRounds "9"]
[EventCountry "USA"]
[SourceTitle "CB46_2023"]
[SourceDate "2023.11.15"]
[SourceVersion "1"]
[SourceVersionDate "2023.11.15"]
[SourceQuality "1"]
[WhiteTeam "Team4"]
[BlackTeam "Team3"]
[WhiteTeamCountry "USA"]
[BlackTeamCountry "USA"]

1. e4 e5 2. Nf3 Nc6 3. Bb5 a6 4. Ba4 Nf6 5. 0-0 d6 6. Re1 Bd7 7. c3 g6 8. d4 Bg7 9. d5 Ne7 10. c4 0-0 11. Bxd7 Nxd7 12. Be3 h6 13. Nfd2 f5 14. f3 f4 15. Bf2 g5 16. Nc3 h5 17. b4 Rf6 18. c5 Rg6 19. Nc4 g4 20. Kf1 g3 21. hxg3 fxg3 22. Be3 h4 23. Ke2 h3 24. gxh3 Nf6 25. Kd2 Nh5 26. Kc2 Qf8 27. Rg1 Qf6 28. Nd2 Nf4 29. Ne2 g2 30. Bxf4 exf4 31. Rb1 c6 32. Nc4 cxd5 33. Nxd6 dxe4 34. Nxe4 Qe6 35. Kc1 Qxh3 36. Qb3+ Kh8 37. Nf2 Qe6 38. Qxe6 Rxe6 39. Nxf4 Bh6 40. N2d3 Nd5 41. Rxg2 Nxf4 42. Nxf4 Rf8 43. Kc2 Rxf4 44. Rd1 Rf7 45. Rd3 Ref6 46. Rg3 Bf4 47. Rh3+ Kg7 48. Kb3 Re6 49. Rh5 Be3 50. Rh3 Kg6 51. Rd5 Bf4 52. Rd3 Bg5 53. Rg3 Re5 54. Kc4 Rf4+ 55. Kb3 Ref5 56. Rd6+ Rf6 57. Rd3 R6f5 58. Rd6+ Kh5 59. Rh3+ Bh4 60. Rd3 Kg5 61. Rd7 Rf7 62. Rd5+ R4f5 63. Rd3 Be1 64. a3 Re5 65. Rh8 Kf4 66. Rhd8 Ree7 67. Kc4 Kg3 68. b5 axb5+ 69. Kxb5 Re2 70. Rb3 Rc2 71. Rg8+ Kh2 72. Rg5 Bf2 73. a4 Rf4 74. a5 Rfc4 75. Kb6 Bxc5+ 76. Kxb7 Bf2 77. Rg7 Rc5 78. a6 Ra2 79. Rb6 Rh5 80. Rc6 Rb2+ 81. Kc8 Rd2 82. Rg8 Rh7 83. Rc7 Rh6 84. a7 Ra2 85. Rgg7 Rh8+ 86. Kd7 Bxa7 87. Ke6 Ra6+ 88. Kf5 Rh5+ 89. Kg4 Rha5 90. Rc2+ Kg1 91. f4 Kf1 92. Rg5 Ra3 93. Rb5 Bf2 94. Kf5 Ra8 95. Rc6 Kg2 96. Rh6 Kf3 97. Rf6 Be3 98. Rb4 R3a5+ 99. Kg6 Rg8+ 100. Kf7 Rg4 101. Rb3 Ra7+ 102. Kf8 Rh4 103. Rf7 Ra8+ 104. Kg7 Rg4+ 105. Kf6 Ra6+ 106. Ke7 Ke4 107. Rb4+ Bd4 108. Kd8 Rg8+ 109. Kc7 Kd5 110. Rf5+ Ke6 111. Rg5 Rxg5 112. fxg5 Kd5 113. Rb1 Rg6 114. Rd1 Rg7+ 115. Kd8 Ke5 116. Ke8 Bc5 117. Rh1 Bd6 118. Re1+ Kd5 119. g6 Be5 120. Kf8 Rxg6 121. Ke8 Ke6 122. Rf1 Rg8+ 123. Rf8 Rg7 124. Rf1 Re7+ 125. Kd8 Rh7 126. Kc8 Rc7+ 127. Kd8 Rb7 128. Rc1 Rb8+ 129. Rc8 Rb2 130. Rc1 Rb7 131. Rc6+ Bd6 132. Rc1 Rb8+ 133. Rc8 Rb1 134. Rc2 Be5 135. Rc6+ Kd5 136. Rc2 Bd6 137. Kd7 Rb7+ 138. Kc8 Rf7 139. Rc1 Bc5 140. Kd8 Kc6 141. Re1 Rf8+ 142. Re8 Rf2 143. Re1 Ba3 144. Re6+ Kd5 145. Re1 Kc6 146. Re6+ Kd5 147. Re1 Bb4 148. Rd1+ Kc6 149. Rc1+ Bc5 150. Re1 Ra2 151. Ke8 Ra7 152. Re2 Bd6 153. Re1 Kd5 154. Rd1+ Ke6 155. Re1+ Be5 156. Rd1 Re7+ 157. Kd8 Rc7 158. Ke8 Rg7 159. Rf1 Rh7 160. Rf2 Rh4 161. Rf1 Rc4 162. Rd1 Bc3 163. Rd7 Rc8+ 164. Rd8 Rc7 165. Rd3 Ra7 166. Rd1 Rh7 167. Kd8 Be5 168. Kc8 Rc7+ 169. Kd8 Rb7 170. Rc1 Bf4 1/2-1/2

[Event "Titled Tuesday intern op 24th Oct Late"]
[Site "Chess.com INT"]
[Date "2023.10.24"]
[Round "2"]
[White "Grischuk, Alexander"]
[Black "Katz, Alexander R"]
[Result "1-0"]
[WhiteElo "2732"]
[BlackElo "2426"]
[PlyCount "115"]
[EventDate "2023.10.24"]
[EventType "swiss (blitz)"]
[EventRounds "11"]
[EventCountry "USA"]
[SourceTitle "Mega2024 Update 01"]
[Source "Chessbase"]
[SourceDate "2023.11.12"]
[SourceVersion "1"]
[SourceVersionDate "2023.11.12"]
[SourceQuality "1"]

1. d4 Nf6 2. c4 e6 3. Bg5 Bb4+ 4. Nd2 d5 5. e3 0-0 6. Ngf3 b6 7. cxd5 exd5 8. Rc1 c5 9. dxc5 bxc5 10. a3 Bxd2+ 11. Qxd2 Nbd7 12. Bb5 h6 13. Bxd7 Bxd7 14. Bxf6 Qxf6 15. Rxc5 Rab8 16. Nd4 Qb6 17. Rc2 Ba4 18. b3 Rfc8 19. Rxc8+ Rxc8 20. 0-0 Bb5 21. Rc1 Rxc1+ 22. Qxc1 Bd3 23. h3 Qa5 24. a4 Qb4 25. Qd1 Be4 26. f3 Bg6 27. Kf2 Qc3 28. Qe1 Qb2+ 29. Kg3 Bd3 30. Kh2 Kh7 31. Kg1 h5 32. Qd1 Qc3 33. Kf2 Qb2+ 34. Kg1 Qc3 35. h4 g6 36. Kh2 a5 37. Kg1 Ba6 38. Kf2 Qb2+ 39. Qc2 Qa1 40. Qd2 Qf1+ 41. Kg3 Bd3 42. Qxa5 Kg7 43. Qd2 Ba6 44. Qf2 Qd3 45. b4 Qc3 46. b5 Qc7+ 47. f4 Bc8 48. Qb2 Kh7 49. b6 Qd7 50. Kf2 Qg4 51. Nf3 Qd7 52. a5 Ba6 53. Qf6 Kg8 54. Ne5 Qe8 55. f5 d4 56. fxg6 dxe3+ 57. Kxe3 fxg6 58. Qxg6+ 1-0

[Event "Titled Tuesday intern op 24th Oct Late"]
[Site "Chess.com INT"]
[Date "2023.10.24"]
[Round "5"]
[White "Katz, Alexander R"]
[Black "Gutierrez Olivares, Daniel"]
[Result "1-0"]
[WhiteElo "2426"]
[BlackElo "2354"]
[PlyCount "45"]
[EventDate "2023.10.24"]
[EventType "swiss (blitz)"]
[EventRounds "11"]
[EventCountry "USA"]
[SourceTitle "Mega2024 Update 01"]
[Source "Chessbase"]
[SourceDate "2023.11.12"]
[SourceVersion "1"]
[SourceVersionDate "2023.11.12"]
[SourceQuality "1"]

1. e4 e6 2. d4 d5 3. Nc3 Bb4 4. exd5 exd5 5. Bd3 Ne7 6. Qf3 Nbc6 7. Nge2 Be6 8. Bf4 Qd7 9. 0-0-0 0-0-0 10. h3 Kb8 11. g4 Nc8 12. Qg3 Ba5 13. Kb1 Nb4 14. Bb5 Nc6 15. Na4 Bb6 16. Nc5 Bxc5 17. dxc5 a6 18. Ba4 N8a7 19. Nd4 Rhe8 20. Rhe1 f6 21. Nxe6 Rxe6 22. Rxe6 Qxe6 23. Bxc7+ 1-0

[Event "Titled Tuesday intern op 24th Oct Late"]
[Site "Chess.com INT"]
[Date "2023.10.24"]
[Round "11"]
[White "Katz, Alexander R"]
[Black "Zhigalko, Sergei"]
[Result "0-1"]
[WhiteElo "2426"]
[BlackElo "2572"]
[PlyCount "106"]
[EventDate "2023.10.24"]
[EventType "swiss (blitz)"]
[EventRounds "11"]
[EventCountry "USA"]
[SourceTitle "Mega2024 Update 01"]
[Source "Chessbase"]
[SourceDate "2023.11.12"]
[SourceVersion "1"]
[SourceVersionDate "2023.11.12"]
[SourceQuality "1"]

1. e4 c5 2. Nf3 Nc6 3. d4 cxd4 4. Nxd4 Nf6 5. Nc3 e5 6. Ndb5 d6 7. Bg5 a6 8. Na3 b5 9. Nd5 Be7 10. Bxf6 Bxf6 11. c3 Bg5 12. Nc2 Ne7 13. Ncb4 0-0 14. Be2 a5 15. Nxe7+ Qxe7 16. Nd5 Qb7 17. Bg4 Be6 18. h4 Bd8 19. Bf3 Bxd5 20. Qxd5 Qxd5 21. exd5 f5 22. Be2 Rb8 23. h5 e4 24. 0-0 Bf6 25. Rac1 Rfe8 26. b4 a4 27. a3 Rec8 28. c4 Bb2 29. Rb1 Bxa3 30. cxb5 Rc3 31. Rfd1 Kf7 32. Rd4 Rb3 33. Rbd1 Bb2 34. Rc4 a3 35. g4 a2 36. Rc7+ Kf6 37. g5+ Kxg5 38. Ra7 a1Q 39. Raxa1 Bxa1 40. Rxa1 Rxb4 41. Ra7 Kf6 42. Rd7 Rb6 43. h6 gxh6 44. Rxh7 Kg6 45. Rd7 Rd4 46. Re7 Rxd5 47. Re6+ Kg5 48. Bc4 Rc5 49. Be2 h5 50. Kg2 h4 51. Re8 Rc2 52. Rg8+ Kf4 53. Bh5 e3 0-1

[Event "Titled Tuesday intern op 11th Jul Early"]
[Site "Chess.com INT"]
[Date "2023.07.11"]
[Round "2"]
[White "Fajdetic, Hrvoje"]
[Black "Katz, Alexander R"]
[Result "0-1"]
[WhiteElo "2151"]
[BlackElo "2426"]
[PlyCount "132"]
[EventDate "2023.07.11"]
[EventType "swiss (blitz)"]
[EventRounds "11"]
[EventCountry "USA"]
[SourceTitle "EXT 2024"]
[Source "ChessBase"]
[SourceDate "2023.10.10"]
[SourceVersion "1"]
[SourceVersionDate "2023.10.10"]
[SourceQuality "1"]

1. d4 Nf6 2. Bf4 d6 3. Nc3 g6 4. e4 c6 5. Qd2 b5 6. f3 Nbd7 7. 0-0-0 b4 8. Nce2 Qa5 9. Kb1 e5 10. Be3 Nb6 11. Nc1 Be6 12. Nb3 Bxb3 13. axb3 Bg7 14. dxe5 dxe5 15. Qd6 Nfd7 16. Qxc6 0-0 17. Qb5 Qxb5 18. Bxb5 Rfd8 19. Nh3 Bf8 20. Rd3 Nc5 21. Bxc5 Bxc5 22. Rhd1 Rxd3 23. Rxd3 Kg7 24. g3 a6 25. Bc6 Ra7 26. f4 exf4 27. gxf4 a5 28. e5 Rc7 29. Bd5 a4 30. bxa4 Nxa4 31. Bb3 Nb6 32. Ng5 h6 33. Nxf7 Rxf7 34. Bxf7 Kxf7 35. c3 bxc3 36. Rxc3 Bd4 37. Rc6 Be3 38. Rf6+ Kg7 39. h3 Nd5 40. Rd6 Nxf4 41. e6 Kf6 42. h4 Nxe6 43. h5 gxh5 44. Kc2 h4 45. Kd3 Bf4 46. Rd7 h3 47. Ke2 h2 48. Rd1 Be5 49. Rh1 Nd4+ 50. Kd3 Nf3 51. b4 Kg5 52. Ke3 Kg4 53. Kf2 h5 54. Kg2 h4 55. b5 h3+ 56. Kf2 Bd4+ 57. Ke2 Kg3 58. Kd3 Bb6 59. Kc4 Kg2 60. Rd1 h1Q 61. Rxh1 Kxh1 62. Kd5 Kg2 63. Kc6 Bf2 64. b6 Bxb6 65. Kxb6 h2 66. Kc5 h1Q 0-1

[Event "Titled Tuesday intern op 11th Jul Early"]
[Site "Chess.com INT"]
[Date "2023.07.11"]
[Round "1"]
[White "Katz, Alexander R"]
[Black "Bueno, Alfeu Varela Jr"]
[Result "1-0"]
[WhiteElo "2426"]
[BlackElo "2135"]
[PlyCount "51"]
[EventDate "2023.07.11"]
[EventType "swiss (blitz)"]
[EventRounds "11"]
[EventCountry "USA"]
[SourceTitle "EXT 2024"]
[Source "ChessBase"]
[SourceDate "2023.10.10"]
[SourceVersion "1"]
[SourceVersionDate "2023.10.10"]
[SourceQuality "1"]

1. c4 e5 2. Nc3 Nc6 3. g3 f5 4. Bg2 Nf6 5. d3 Bb4 6. Nf3 Bxc3+ 7. bxc3 d6 8. 0-0 0-0 9. Rb1 Rb8 10. Ne1 Qe8 11. Nc2 Bd7 12. Nb4 Nxb4 13. cxb4 Qh5 14. e3 Qh6 15. b5 Qg6 16. Ba3 f4 17. exf4 exf4 18. c5 Ng4 19. cxd6 cxd6 20. Qb3+ Kh8 21. Qd5 fxg3 22. fxg3 Rxf1+ 23. Rxf1 Qh6 24. h3 Ne3 25. Qxd6 Rd8 26. Rf8+ 1-0

[Event "Titled Tuesday intern op 11th Jul Early"]
[Site "Chess.com INT"]
[Date "2023.07.11"]
[Round "7"]
[White "Villa Tornero, Alex"]
[Black "Katz, Alexander R"]
[Result "1-0"]
[WhiteElo "2103"]
[BlackElo "2426"]
[PlyCount "159"]
[EventDate "2023.07.11"]
[EventType "swiss (blitz)"]
[EventRounds "11"]
[EventCountry "USA"]
[SourceTitle "EXT 2024"]
[Source "ChessBase"]
[SourceDate "2023.10.10"]
[SourceVersion "1"]
[SourceVersionDate "2023.10.10"]
[SourceQuality "1"]

1. e4 c5 2. Nf3 Nc6 3. d4 cxd4 4. Nxd4 g6 5. c4 Bg7 6. Be3 Nf6 7. Nc3 d6 8. f3 0-0 9. Be2 Nxd4 10. Bxd4 Be6 11. 0-0 a5 12. Rc1 a4 13. Qd2 Qa5 14. Rfd1 Rfc8 15. b3 axb3 16. axb3 Qb4 17. Qb2 Bxc4 18. Na2 Qa3 19. Qxa3 Rxa3 20. Bxc4 d5 21. Bxd5 Rxc1 22. Nxc1 b5 23. Bc6 b4 24. Bc5 Ra1 25. Rd8+ Bf8 26. Be3 Kg7 27. Kf2 e6 28. Nd3 Ra2+ 29. Kg3 Nh5+ 30. Kh3 Be7 31. Rd7 Bf6 32. e5 Bxe5 33. Nxe5 Re2 34. Rxf7+ Kg8 35. Bd4 g5 36. g3 Rd2 37. Be3 Re2 38. Ng4 Kxf7 39. Bxg5 Ng7 40. Be4 Nf5 41. Ne5+ Kg7 42. g4 Nd4 43. Nd3 Nxb3 44. Nxb4 Nd2 45. Bxd2 Rxd2 46. Nd3 h6 47. Kg3 Kf6 48. Nf4 e5 49. Nd5+ Ke6 50. Ne3 Kf6 51. h4 Rd8 52. Nd5+ Kg7 53. g5 hxg5 54. hxg5 Rf8 55. Kg4 Rf7 56. Bf5 Ra7 57. g6 Ra4+ 58. Be4 Ra1 59. Ne3 Rg1+ 60. Kf5 Rxg6 61. Kxe5 Ra6 62. f4 Kf7 63. Nd5 Ra5 64. f5 Ra1 65. Nf4 Ra5+ 66. Bd5+ Kf8 67. f6 Ra7 68. Ng6+ Ke8 69. Bc6+ Kf7 70. Nf4 Kf8 71. Bd5 Ke8 72. Kf5 Rc7 73. Kg6 Ra7 74. Ne6 Rd7 75. Ng7+ Kf8 76. Ne6+ Ke8 77. Be4 Ra7 78. Bc6+ Rd7 79. Bxd7+ Kxd7 80. Kf7 1-0

[Event "Titled Tuesday intern op 04th Jul Late"]
[Site "Chess.com INT"]
[Date "2023.07.04"]
[Round "2"]
[White "Katz, Alexander R"]
[Black "Garcia Alvarez, Diego"]
[Result "1-0"]
[WhiteElo "2426"]
[BlackElo "2190"]
[PlyCount "47"]
[EventDate "2023.07.04"]
[EventType "swiss (blitz)"]
[EventRounds "11"]
[EventCountry "USA"]
[SourceTitle "EXT 2024"]
[Source "ChessBase"]
[SourceDate "2023.10.10"]
[SourceVersion "1"]
[SourceVersionDate "2023.10.10"]
[SourceQuality "1"]

1. e4 c5 2. Nc3 e6 3. Nf3 a6 4. a4 d6 5. Bc4 Nf6 6. 0-0 Be7 7. d3 0-0 8. h3 b6 9. Bf4 Bb7 10. Bh2 Nc6 11. Re1 Re8 12. d4 cxd4 13. Nxd4 Rc8 14. Nxc6 Rxc6 15. Qd3 Qa8 16. Rad1 Rec8 17. Bb3 Rxc3 18. bxc3 Nxe4 19. Qe3 Nxc3 20. Rd3 Nd5 21. Qd2 b5 22. Bxd5 Bxd5 23. Rxd5 bxa4 24. Ra5 1-0

[Event "Titled Tuesday intern op 04th Jul Late"]
[Site "Chess.com INT"]
[Date "2023.07.04"]
[Round "3"]
[White "Kollars, Dmitrij"]
[Black "Katz, Alexander R"]
[Result "1-0"]
[WhiteElo "2618"]
[BlackElo "2426"]
[PlyCount "163"]
[EventDate "2023.07.04"]
[EventType "swiss (blitz)"]
[EventRounds "11"]
[EventCountry "USA"]
[SourceTitle "EXT 2024"]
[Source "ChessBase"]
[SourceDate "2023.10.10"]
[SourceVersion "1"]
[SourceVersionDate "2023.10.10"]
[SourceQuality "1"]

1. d4 Nf6 2. Nf3 d5 3. c3 c6 4. Bf4 Bf5 5. Nh4 Bg6 6. Qb3 Qb6 7. Nxg6 hxg6 8. Nd2 Nbd7 9. e3 e6 10. c4 Qxb3 11. axb3 Bb4 12. Bd3 0-0 13. Ke2 a5 14. h4 Rfe8 15. Nf3 dxc4 16. bxc4 c5 17. Bc2 cxd4 18. exd4 Rac8 19. Bb3 e5 20. dxe5 Ng4 21. Ba4 Re7 22. Bxd7 Rxd7 23. b3 Bc3 24. Rad1 Re7 25. Rd5 a4 26. Rc1 Bb2 27. Rc2 a3 28. Ra5 f6 29. Bc1 Nxe5 30. Nxe5 Bxe5 31. Bxa3 Bd6+ 32. Kf3 Bxa3 33. Rxa3 Rd8 34. Rc3 Rd4 35. g3 Rd2 36. Re3 Red7 37. Ra5 Rb2 38. Kg2 Rdd2 39. Rf3 Rd7 40. Rb5 Kh7 41. c5 Kh6 42. b4 Rd4 43. Rf4 Rd7 44. Rb6 g5 45. hxg5+ Kxg5 46. Kh2 Rdd2 47. Kg2 Rd7 48. Kh3 Kg6 49. Kg4 Rb3 50. Re4 Rd5 51. f4 Rdd3 52. f5+ Kh6 53. Ree6 Rxg3+ 54. Kf4 Rgf3+ 55. Ke4 Rbe3+ 56. Kd4 Rd3+ 57. Kc4 Rc3+ 58. Kb5 Rxf5 59. Rxb7 Rb3 60. Kc6 Rf4 61. b5 g5 62. b6 g4 63. Rb8 g3 64. Rg8 Rf5 65. b7 Rg5 66. Rxg5 Kxg5 67. Re8 f5 68. b8Q Rxb8 69. Rxb8 f4 70. Kd5 f3 71. c6 f2 72. Rg8+ Kf4 73. Rf8+ Ke3 74. c7 g2 75. c8Q f1Q 76. Qc5+ Kd2 77. Qd4+ Ke2 78. Re8+ Kf3 79. Qe3+ Kg4 80. Rg8+ Kh4 81. Qg3+ Kh5 82. Qg5# 1-0

[Event "Titled Tuesday intern op 04th Jul Late"]
[Site "Chess.com INT"]
[Date "2023.07.04"]
[Round "11"]
[White "Raja, Rithvik R"]
[Black "Katz, Alexander R"]
[Result "1-0"]
[WhiteElo "2469"]
[BlackElo "2426"]
[PlyCount "157"]
[EventDate "2023.07.04"]
[EventType "swiss (blitz)"]
[EventRounds "11"]
[EventCountry "USA"]
[SourceTitle "EXT 2024"]
[Source "ChessBase"]
[SourceDate "2023.10.10"]
[SourceVersion "1"]
[SourceVersionDate "2023.10.10"]
[SourceQuality "1"]

1. Nf3 Nf6 2. c4 e6 3. g3 d5 4. Bg2 Be7 5. 0-0 dxc4 6. d4 cxd3 7. exd3 0-0 8. d4 Nd5 9. Nc3 b6 10. Nxd5 exd5 11. Bf4 Bb7 12. Rc1 c5 13. Ne5 Nc6 14. dxc5 Nxe5 15. Bxe5 Bxc5 16. b4 Bd6 17. Bxd5 Bxe5 18. Bxb7 Rb8 19. Bd5 Qf6 20. Qb3 Rbd8 21. Rcd1 g6 22. Rd3 Rd7 23. Rfd1 Kg7 24. Kg2 Qd8 25. Bxf7 Rxd3 26. Rxd3 Qe7 27. Bd5 h5 28. Bc6 Qf6 29. Bf3 Kh6 30. a3 g5 31. Qc2 g4 32. Be4 Kg7 33. Rd5 Rf7 34. Qe2 Re7 35. Qd3 Rf7 36. f4 gxf3+ 37. Bxf3 Re7 38. Bxh5 Bb8 39. Bf3 Qb2+ 40. Kh3 Qf6 41. Rd7 Qh6+ 42. Kg2 Qe6 43. Rxe7+ Qxe7 44. Qd4+ Be5 45. Qg4+ Kf8 46. Qf5+ Kg7 47. Be4 Qf6 48. Qxf6+ Kxf6 49. Kf3 b5 50. Bc6 Bb2 51. a4 bxa4 52. Bxa4 Bc3 53. b5 Bd4 54. h4 Bb6 55. Bc2 Ke5 56. g4 Kf6 57. g5+ Ke5 58. Kg4 Ke6 59. h5 Kf7 60. h6 Bd4 61. g6+ Kg8 62. Bb3+ Kf8 63. g7+ Bxg7 64. hxg7+ Kxg7 65. Kf5 Kf8 66. Ke6 Ke8 67. Kd6 Kd8 68. Kc6 Kc8 69. Bd5 Kb8 70. Kd7 a5 71. bxa6 Ka7 72. Bc4 Kb6 73. Kd6 Ka7 74. Kc6 Kb8 75. Kb6 Ka8 76. Bd5+ Kb8 77. a7+ Kc8 78. a8Q+ Kd7 79. Qc6+ 1-0

[Event "Las Vegas National op"]
[Site "Las Vegas"]
[Date "2023.06.15"]
[Round "3"]
[White "Katz, Alexander R"]
[Black "Wu, Jayden"]
[Result "1-0"]
[WhiteElo "2460"]
[BlackElo "1923"]
[PlyCount "59"]
[EventDate "2023.06.14"]
[EventType "swiss"]
[EventRounds "9"]
[EventCountry "USA"]
[SourceTitle "CBM 214 Extra"]
[Source "ChessBase"]
[SourceDate "2023.07.31"]
[SourceVersion "1"]
[SourceVersionDate "2023.07.31"]
[SourceQuality "1"]

1. e4 c5 2. Nf3 d6 3. d4 cxd4 4. Nxd4 Nf6 5. Nc3 a6 6. Be3 e5 7. Nb3 Be6 8. f3 Nbd7 9. Qd2 h5 10. Nd5 Bxd5 11. exd5 g6 12. 0-0-0 b6 13. Be2 Bg7 14. Kb1 Qc7 15. g4 Nc5 16. h3 0-0 17. Bg5 Ncd7 18. Qe1 Rfc8 19. Bd3 Re8 20. Nd2 b5 21. Qh4 hxg4 22. hxg4 Nxd5 23. Be4 Nb4 24. c3 Nc6 25. Bd5 Nb6 26. Qh7+ Kf8 27. Qxg7+ Kxg7 28. Rh7+ Kf8 29. Bf6 Ne7 30. Rh8+ 1-0